000 00800cam a22002054a 4500
005 20250605163549.0
008 250528s ||||||||||||||||||||||||d
035 _a21837
020 _a9789603445074
040 _aGR-AtMCL
_bgre
_dGR-AtMCL
_eAACR2
245 1 _aΓΝΩΣΤΙΚΗ ΨΥΧΟΛΟΓΙΑ ΚΑΙ ΕΚΠΑΙΔΕΥΣΗ
250 _a1
260 _bΕλληνικά Γράμματα
_bΣυλλογικο,
_c1998
300 _a178
505 0 _aΣΥΓΓΡΑΦΙΚΗ ΟΜΑΔΑ: Ε.ΓΩΝΙΔΑ, Α.ΕΥΚΛΕΙΔΗ, Δ.ΚΛΑΔΗΣ, Λ.ΜΠΕΖΕ, D.BROUILET, Μ.ΣΦΥΡΟΕΡΑ
520 _aΣΥΓΓΡΑΦΙΚΗ ΟΜΑΔΑ: Ε.ΓΩΝΙΔΑ, Α.ΕΥΚΛΕΙΔΗ, Δ.ΚΛΑΔΗΣ, Λ.ΜΠΕΖΕ, D.BROUILET, Μ.ΣΦΥΡΟΕΡΑ
942 _cBK
999 _c6895
_d6895